000 01198nam a2200325 i 4500
001 000020675
003 DO-SdBNP
005 20251204095526.0
007 ta
008 100812s2014 dr er 001 edspa d
020 _a9789945472448
040 _aDO-SdBNP
_bspa
_cBNPHU
_erda
041 _aspa
082 4 _axxx
_bT588i
_222
100 1 _aTineo Durán, Jeannette
_eautor
_943430
245 1 0 _aImaginarios de género en juventudes dominicanas :
_baportes para el debate desde la colonialidad del poder /
_cJeannette del Carmen ; presentación Rosa Cañete Alonso ; prólogo Lourdes Contreras
264 _aSanto Domingo :
_bINTEC ,
_c2014.
300 _axi , 288 páginas. ;
_b23 cm.
336 _ardacontent
_btexto
_2txt
337 _ardamedia
_bsin mediación
_2n
338 _ardacarrier
_bvolumen
_2nc
500 _aIncluye datos biográficos de la autora en la solapa de la portada.
504 _aBibliografía: páginas .265-279
590 _aInventariado, 2020/ YL
700 1 2 _aCañete Alonso, Rosa
_epresentación
_9185
700 1 2 _aContreras, Lourdes
_eprólogo
_92759
710 2 _aInstituto Tecnológico de Santo Domingo
_978911
910 _aYLockward
942 _2ddc
_cLBS1
999 _c20179
_d20179